Quand je t'aime - Demis Roussos - Statistiques

Statistiques générales
  • Ce quiz a été pris 64 fois
  • Le résultat moyen est 195 sur 237
Statistiques - réponses
Réponse % Correct
je
100%
Je
100%
Quand
100%
t'aime
100%
la
97%
me
97%
Me
97%
à
93%
À
93%
J'ai
93%
Le
93%
le
93%
un
93%
Un
93%
chevalier
90%
d'être
90%
l'impression
90%
mes
90%
roi
90%
te
90%
toi
90%
d'autrefois
87%
se
87%
homme
83%
mais
83%
Mais
83%
seul
83%
sur
83%
tes
83%
Tous
83%
au
80%
Delta
80%
est
80%
Est
80%
Il
80%
ou
80%
80%
Prisonnier
80%
Terre
80%
terre
80%
bras
77%
Comme
77%
l'amour
77%
plus
77%
ramènent
77%
volontaire
77%
avec
73%
En
73%
Et
73%
rivière
73%
suis
73%
ce
70%
enfer,
70%
ensemble
70%
gestes
70%
midi
70%
minuit
70%
ne
70%
paradis
70%
sais
70%
si
70%
lèvres
67%
mendiant
67%
N'importe
67%
que
63%
des
60%
messie
60%
dans
57%
nos
57%
fait
53%
ressemblent
53%
fièvre
50%
mal
50%
rêves
50%
sang
50%
peur,
47%
sans
47%
étoiles
43%
plaisir
43%
bout
40%
ciel
40%
doigts
40%
innocent
40%
dois
37%
fleurs
30%
Aucun quiz correspondant
Distribution des résultats
% des personnes avec chaque résultat
Percentile par nombre de réponses
Votre historique - résultats
Vous n’avez pas pris ce quiz